000 03210cam a2200301 4500500
005 20251228050651.0
041 _afre
042 _adc
100 1 0 _aGerhard, Ute
_eauthor
245 0 0 _aMouvements féministes et citoyenneté en Allemagne
260 _c2011.
500 _a34
520 _aRésumé1Cet article porte sur la dynamique des mouvements des femmes, faite d’échecs et de recommencements. Ute Gerhard rappelle la genèse de celui des années 1970 qui, en Allemagne de l’Ouest surtout, se voulait radical et multiforme — avec les faiblesses et les forces que suppose un tel mode d’organisation. La chute du Mur, puis la réunification ont engendré des tensions entre féministes de l’Ouest et de l’Est, marquées par des expériences différentes, mais 1989 a aussi ouvert de nouvelles perspectives à l’échelle mondiale pour les politiques de genre. Par-delà les reculs notés dans plus d’un pays, des mouvements qualifiés de ‘féminisme de la troisième vague’ ont donné un nouvel écho au fait que les droits de l’homme sont aussi les droits des femmes.
520 _aFeminist movements and citizenship in GermanyThis article studies the dynamics of women’s movements, composed of failures and new beginnings. Ute Gerhard recalls the birth of the 1970s movement which, in West Germany especially, wanted to be radical and multiform — with the weaknesses and the forces that such a mode of organization supposes. The fall of the Wall, then the reunification generated tensions between feminists in the West and the East, who were marked by different experiences, but 1989 also opened new prospects on a worldwide scale for gender policies. Looking beyond the declines noted in more than one country, movements called “third wave feminism” offered a new resonance to the fact that human rights are also women’s rights.
520 _aResumenEste artículo se centra en la dinámica de los movimientos de las mujeres, hecha de fracasos y de nuevos inicios. Ute Gerhard recuerda la génesis de los años 1970 que, en Alemania del Oeste en particular, se quería radical y multiforme — con las debilidades y las fortalezas que suponen tal modo de organización. La caída del Muro y la reunificación han generado tensiones entre feministas de Oeste y del Este, marcadas por las diferentes experiencias, pero 1989 ha abierto también nuevas perspectivas para las políticas de género a nivel mundial. Más allá de los retrocesos señalados en más de un país, los movimientos descritos como de ‘la tercera ola del feminismo’ han dado un nuevo eco en el hecho de que los derechos humanos son también los derechos de las mujeres.
690 _aAllemagne
690 _acitoyenneté
690 _adroits des femmes
690 _aféminisme et institutions
690 _amouvements féministes
690 _acitizenship
690 _afeminism and institutions
690 _afeminist movements
690 _aGermany
690 _awomen's rights
786 0 _nCahiers du Genre | HS 2 | 3 | 2011-04-01 | p. 45-70 | 1298-6046
856 4 1 _uhttps://shs.cairn.info/revue-cahiers-du-genre-2011-3-page-45?lang=fr&redirect-ssocas=7080
999 _c1580899
_d1580899